00958cam a2200181 450000500170000000800410001702000140005805000230007210000270009524503640012225000110048626000640049730000270056150400390058865000590062765000530068670000370073920251007075333.0030909s2000 ag 000 0 spa u a95050848204aKHA1295 bR53 19971 aRichard, Efraín Hugo10aDerecho societario b : sociedades comerciales, civil y cooperativa : Constitución, Administración, Gobierno, Fiscalización, Transformación, Fusión, Escisión, Resolución parcial, Disolución, Irregularidad, Ineficiencia, Nulidad, Sociedades con objeto específico, Contratos de colaboraciónc / Efraín Hugo Richard, Orlando Manuel Muiño a1a ed. aBuenos Aires :bAstrea de Alfredo y Ricardo Depalma, c1997 axlvii, 952 p. ;c20 cm aBibliografía : páginas 935-952 72lembaSociedades comercialesxLegislaciónzArgentina 4aSociedades mercantilesxLegislaciónzArgentina1 aMuiño, Orlando Manuel, eautor